000
00287nam a2200097Ia 4500
001
1300825
005
20260420095911.0
008
260420s9999 xx 000 0 und d
245
0
_a
AKLINDAN DÜŞÜNCELER GEÇEN ÇOCUK
_c
CHRISTINE NÖSTLINGER
260
_b
GÜNIŞIĞI KİTAPLIĞI YAYINLARI
999
_c
1300825
_d
1300825